| 000 | 00584nam a2200169 a 4500 | ||
|---|---|---|---|
| 005 | 20140412111330.0 | ||
| 008 | 030116s19uu xx 00 eng d | ||
| 050 |
_aFil E _bPo75 1982 |
||
| 100 | _aRicarte, Leoncio I. | ||
| 245 |
_aSi Potenciano meong : _bang bayaning pusa (the heroic cat) / _cLeoncio I. Ricarte ; illustrations by Alfonso Ompos, Jr. |
||
| 260 |
_aMakati City, Philippines : _bNCP Publishing Corporation, _c1982. |
||
| 300 | _a1 v. (unp.) ; ill. | ||
| 440 | _aBulilit | ||
| 650 | _aHeroes--Fiction--Filipino | ||
| 650 | _aCats--Fiction--Filipino | ||
| 999 |
_c104893 _d104893 |
||